[Event "2. Bundesliga Mitte 2012/2013"]
[Site "Gleisdorf"]
[Date "2012.11.24"]
[Round "4"]
[Board "2"]
[White "Degtiarev, Evgeny"]
[Black "Pesorda, Ivan"]
[Result "1-0"]
[WhiteElo "2378"]
[BlackElo "2274"]
[PlyCount "39"]
[EventDate "2012.10.19"]
[EventType "team"]
[EventRounds "11"]
[EventCountry "AUT"]
[WhiteTeam "RbEJ Gleisdorf"]
[BlackTeam "StrassenbahnGraz"]

1. d4 {[%emt 0:00:00]} Nf6 {[%emt 0:00:00]} 2. c4 {[%emt 0:00:00]} c6 3. Nc3 d5
4. e3 a6 5. Nf3 Bf5 6. Qb3 Ra7 7. Ne5 e6 8. cxd5 exd5 9. Be2 Bd6 10. O-O Nbd7
11. f4 Ne4 12. Bg4 Bxg4 13. Nxe4 Bxe5 14. fxe5 O-O 15. Nd6 Qc7 16. e4 Be6 17.
Qg3 Kh8 18. Bg5 Nb6 19. Qh4 Nc8 20. Nf5 1-0

[Event "2. Bundesliga Mitte 2012/2013"]
[Site "Gleisdorf"]
[Date "2012.11.24"]
[Round "4"]
[Board "3"]
[White "Steiner, Stefan"]
[Black "Wegerer, Fred"]
[Result "0-1"]
[WhiteElo "2249"]
[BlackElo "2194"]
[PlyCount "48"]
[EventDate "2012.10.19"]
[EventType "team"]
[EventRounds "11"]
[EventCountry "AUT"]
[WhiteTeam "StrassenbahnGraz"]
[BlackTeam "RbEJ Gleisdorf"]

1. Nf3 {[%emt 0:00:00]} Nf6 {[%emt 0:00:00]} 2. c4 e6 3. d4 Bb4+ 4. Bd2 Qe7 5.
a3 Bxd2+ 6. Qxd2 d6 7. Nc3 O-O 8. e4 e5 9. d5 Nbd7 10. b4 a5 11. Rc1 axb4 12.
axb4 Nh5 13. g3 f5 14. exf5 Rxf5 15. Be2 Rf8 16. O-O Ndf6 17. Ng5 h6 18. Ne6
Bxe6 19. dxe6 Qxe6 20. c5 dxc5 21. bxc5 Kh8 22. Qc2 Qh3 23. Qg6 c6 24. Ra1 Nf4
0-1

[Event "2. Bundesliga Mitte 2012/2013"]
[Site "Gleisdorf"]
[Date "2012.11.24"]
[Round "4"]
[Board "4"]
[White "Horvath, Sandor"]
[Black "Detter, Peter"]
[Result "1/2-1/2"]
[WhiteElo "2286"]
[BlackElo "2082"]
[PlyCount "62"]
[EventDate "2012.10.19"]
[EventType "team"]
[EventRounds "11"]
[EventCountry "AUT"]
[WhiteTeam "RbEJ Gleisdorf"]
[BlackTeam "StrassenbahnGraz"]

1. e4 {[%emt 0:00:00]} Nf6 2. Nc3 e5 3. Nf3 Nc6 4. d4 exd4 5. Nxd4 Bb4 6. Nxc6
bxc6 7. Bd3 d5 8. exd5 cxd5 9. O-O O-O 10. Bg5 c6 11. Qf3 Be7 12. h3 Be6 13.
Ne2 Nd7 14. Bxe7 Qxe7 15. Rfe1 Nc5 16. Nd4 Nxd3 17. Qxd3 Qd6 18. Rad1 a5 19.
Qc3 Bd7 20. Qd2 a4 21. Nf3 Rfe8 22. Rxe8+ Rxe8 23. c4 Qg6 24. Kh1 Be6 25. Ne5
Qf6 26. Nxc6 dxc4 27. Nd4 Rd8 28. Qe3 h6 29. Rd2 Bf5 30. Nxf5 Rxd2 31. Qxd2
Qxf5 1/2-1/2

[Event "2. Bundesliga Mitte 2012/2013"]
[Site "Gleisdorf"]
[Date "2012.11.24"]
[Round "4"]
[Board "6"]
[White "Sandner, Wolfgang"]
[Black "Kainz, Josef"]
[Result "1-0"]
[WhiteElo "2209"]
[BlackElo "1946"]
[PlyCount "81"]
[EventDate "2012.10.19"]
[EventType "team"]
[EventRounds "11"]
[EventCountry "AUT"]
[WhiteTeam "RbEJ Gleisdorf"]
[BlackTeam "StrassenbahnGraz"]

1. Nf3 {[%emt 0:00:00]} c5 2. g3 Nc6 3. Bg2 d5 4. d3 Nf6 5. O-O e5 6. Nbd2 Be7
7. e4 dxe4 8. dxe4 Bg4 9. h3 Be6 10. c3 h6 11. Qe2 Qc7 12. Nc4 O-O 13. Nh4 Qc8
14. Kh2 Nh7 15. Nf3 Ng5 16. Ng1 Qc7 17. Ne3 g6 18. Nd5 Qd7 19. Rd1 Qc8 20. h4
Nh7 21. Bxh6 Rd8 22. Qe3 Bf8 23. Bxf8 Rxf8 24. Qxc5 Kg7 25. Bh3 Bg4 26. f3 Bxh3
27. Nxh3 b6 28. Qb5 a6 29. Qxb6 Rb8 30. Qf2 f5 31. Nb6 Qe6 32. Rd7+ Ne7 33.
exf5 Rxf5 34. Rad1 Rf7 35. R1d6 Qxa2 36. Qe2 Qa5 37. Nc4 Qb5 38. b4 Rbf8 39.
Qxe5+ Kg8 40. Rxe7 Qxc4 41. Rxg6+ 1-0

[Event "2. Bundesliga Mitte 2012/2013"]
[Site "Sauwald"]
[Date "2012.11.24"]
[Round "4"]
[Board "1"]
[White "Cifka, Stanislav"]
[Black "Haba, Petr"]
[Result "1/2-1/2"]
[WhiteElo "2409"]
[BlackElo "2463"]
[PlyCount "84"]
[EventDate "2012.10.19"]
[EventType "team"]
[EventRounds "11"]
[EventCountry "AUT"]
[WhiteTeam "SV Steyregg"]
[BlackTeam "Spg. Grieskirchen/B.Schallerbach"]

1. Nf3 d5 2. d4 Nf6 3. c4 c6 4. e3 e6 5. Nbd2 Nbd7 6. Bd3 Bd6 7. O-O O-O 8. e4
e5 9. cxd5 cxd5 10. exd5 exd4 11. Ne4 Nxe4 12. Bxe4 Nf6 13. Qxd4 Nxe4 14. Qxe4
Re8 15. Qd4 Bf5 16. Bg5 f6 17. Bh4 Re4 18. Qd1 Qb6 19. Bg3 Rd8 20. b3 Bxg3 21.
hxg3 Qc5 22. Rc1 Qxd5 23. Qxd5+ Rxd5 24. Rc7 Rd7 25. Rxd7 Bxd7 26. Rd1 Re7 27.
Nd4 Kf8 28. f3 Re5 29. g4 Rc5 30. Kf2 a5 31. Ke3 Ke7 32. Rh1 h6 33. Rd1 Re5+
34. Kd3 h5 35. gxh5 Rxh5 36. a3 Rh2 37. Rg1 Kd6 38. Kc4 Rh5 39. b4 axb4 40.
axb4 b5+ 41. Kd3 Rh2 42. Ke3 Kd5 1/2-1/2

[Event "2. Bundesliga Mitte 2012/2013"]
[Site "Sauwald"]
[Date "2012.11.24"]
[Round "4"]
[Board "2"]
[White "Kilgus, Georg"]
[Black "Gergacz, Attila"]
[Result "1-0"]
[WhiteElo "2400"]
[BlackElo "2393"]
[PlyCount "115"]
[EventDate "2012.10.19"]
[EventType "team"]
[EventRounds "11"]
[EventCountry "AUT"]
[WhiteTeam "Spg. Grieskirchen/B.Schallerbach"]
[BlackTeam "SV Steyregg"]

1. Nf3 c5 2. c4 Nc6 3. Nc3 Nf6 4. g3 e5 5. Bg2 d6 6. O-O Be7 7. d3 h6 8. a3 O-O
9. Rb1 a5 10. Nd2 Bd7 11. e3 Ne8 12. Nd5 Nc7 13. Nb6 Ra6 14. Nxd7 Qxd7 15. Ne4
b5 16. Nc3 b4 17. Nd5 Nxd5 18. Bxd5 a4 19. b3 bxa3 20. Bxa3 Nb4 21. Bxb4 cxb4
22. bxa4 Rxa4 23. Qf3 Qc7 24. Rb3 Bf6 25. Rfb1 Qc5 26. Bc6 Ra6 27. Bb5 Ra3 28.
Rxb4 Rxd3 29. Bc6 Rc3 30. Bd5 Rc1+ 31. Kg2 Rxb1 32. Rxb1 Qc8 33. Rb7 Qe8 34.
Qf5 Be7 35. h4 Kh8 36. h5 Bg5 37. Rxf7 Rxf7 38. Qxf7 Qxf7 39. Bxf7 g6 40. Bxg6
Kg7 41. Kf3 Bd8 42. Ke4 Kf6 43. Kd5 Ke7 44. c5 dxc5 45. Kxe5 Ba5 46. f4 Be1 47.
g4 Bd2 48. Ke4 Kf6 49. Kf3 c4 50. e4 c3 51. e5+ Ke6 52. Bc2 Be1 53. Ke4 Bh4 54.
Bb3+ Ke7 55. Kf5 Kf8 56. g5 hxg5 57. fxg5 Bg3 58. h6 1-0

[Event "2. Bundesliga Mitte 2012/2013"]
[Site "Sauwald"]
[Date "2012.11.24"]
[Round "4"]
[Board "4"]
[White "Schwabeneder, Florian"]
[Black "Enoeckl, Philipp"]
[Result "1/2-1/2"]
[WhiteElo "2291"]
[BlackElo "2316"]
[PlyCount "135"]
[EventDate "2012.10.19"]
[EventType "team"]
[EventRounds "11"]
[EventCountry "AUT"]
[WhiteTeam "Spg. Grieskirchen/B.Schallerbach"]
[BlackTeam "SV Steyregg"]

1. e4 e6 2. d4 d5 3. Nc3 Bb4 4. e5 Ne7 5. a3 Bxc3+ 6. bxc3 b6 7. Nf3 Ba6 8.
Bxa6 Nxa6 9. a4 Nb8 10. O-O h6 11. Ne1 Nbc6 12. Nd3 Qd7 13. Nf4 O-O-O 14. Nh5
Rhg8 15. Bxh6 Nf5 16. Bg5 Rdf8 17. Qe2 Na5 18. Rfb1 Kb7 19. Qb5 Qxb5 20. Rxb5
c6 21. Rbb1 Rh8 22. Ng3 Kc7 23. Nxf5 exf5 24. Be7 Re8 25. Bd6+ Kc8 26. Bb4 Nc4
27. a5 b5 28. a6 Re6 29. Re1 Reh6 30. h3 f4 31. f3 Rg6 32. Kh2 Nd2 33. Rg1 Rg3
34. Raf1 Nxf1+ 35. Rxf1 Rg6 36. Bc5 Kc7 37. Ra1 Kb8 38. Re1 Re8 39. Kg1 Rge6
40. Rb1 Kc7 41. Kf2 f6 42. Bd6+ Rxd6 43. exd6+ Kxd6 44. h4 Kc7 45. h5 Kb6 46.
h6 gxh6 47. Rh1 Re3 48. Rxh6 Rxc3 49. Rxf6 Rxc2+ 50. Kg1 b4 51. Rxf4 Kxa6 52.
Rf8 Kb7 53. Rf7+ Kb6 54. Rf8 Kc7 55. Rf7+ Kd6 56. Rxa7 Rc4 57. g4 Ke6 58. Rc7
b3 59. Rb7 Rxd4 60. Rxb3 Ke5 61. Kf2 c5 62. Rb8 Rb4 63. Re8+ Kf6 64. Rc8 c4 65.
Ke3 Rb3+ 66. Kf4 Rd3 67. g5+ Kg7 68. Rc7+ 1/2-1/2

[Event "2. Bundesliga Mitte 2012/2013"]
[Site "Sauwald"]
[Date "2012.11.24"]
[Round "4"]
[Board "5"]
[White "Wiesinger, Robert"]
[Black "Humer, Wolfgang"]
[Result "1-0"]
[WhiteElo "2244"]
[BlackElo "2268"]
[PlyCount "65"]
[EventDate "2012.10.19"]
[EventType "team"]
[EventRounds "11"]
[EventCountry "AUT"]
[WhiteTeam "SV Steyregg"]
[BlackTeam "Spg. Grieskirchen/B.Schallerbach"]

1. e4 g6 2. d4 Bg7 3. Nc3 d6 4. f4 a6 5. Nf3 b5 6. Bd3 Bb7 7. a4 b4 8. Ne2 Nd7
9. c3 bxc3 10. bxc3 c5 11. O-O cxd4 12. cxd4 Nh6 13. Rb1 Qc7 14. Qe1 f5 15. Ng3
fxe4 16. Bxe4 Bxe4 17. Qxe4 Rc8 18. Rb7 Qc6 19. Re1 Qxe4 20. Nxe4 Nf5 21. Bb2
d5 22. Nc3 Rb8 23. Rxb8+ Nxb8 24. Nxd5 h5 25. Ne5 Bxe5 26. dxe5 O-O 27. Ba3 Nc6
28. Rc1 Nfd4 29. Rc4 Kf7 30. Nxe7 Ne2+ 31. Kf2 Nxe7 32. Kxe2 Nd5 33. Bxf8 1-0

[Event "2. Bundesliga Mitte 2012/2013"]
[Site "Sauwald"]
[Date "2012.11.24"]
[Round "4"]
[Board "6"]
[White "Schueller, Ernst"]
[Black "Kubinger, Thomas"]
[Result "1-0"]
[WhiteElo "2214"]
[BlackElo "2175"]
[PlyCount "85"]
[EventDate "2012.10.19"]
[EventType "team"]
[EventRounds "11"]
[EventCountry "AUT"]
[WhiteTeam "Spg. Grieskirchen/B.Schallerbach"]
[BlackTeam "SV Steyregg"]

1. Nf3 d5 2. c4 c6 3. cxd5 cxd5 4. g3 Nf6 5. Bg2 Nc6 6. O-O e5 7. d4 e4 8. Ne1
Be7 9. Nc3 O-O 10. Nc2 Re8 11. Rb1 Be6 12. f3 exf3 13. Rxf3 Rc8 14. h3 Ne4 15.
Kh2 f5 16. Qf1 Bd6 17. Bf4 Bxf4 18. gxf4 Qf6 19. Rd3 Rf8 20. e3 Na5 21. Qe1 Nc4
22. Nxe4 fxe4 23. Rc3 Nd6 24. Na3 Rxc3 25. bxc3 Rc8 26. Nb5 Nxb5 27. Rxb5 b6
28. Rb3 Bd7 29. Bf1 Qd6 30. Qg3 Ba4 31. Rb4 Bd7 32. Rb3 Ba4 33. Qg4 Rc7 34. Rb4
Bd7 35. Qg5 h6 36. Qd8+ Kh7 37. Bb5 Rxc3 38. Bxd7 Rc2+ 39. Kg3 Qxb4 40. Bf5+ g6
41. Qd7+ Kg8 42. Be6+ Kh8 43. Qe8+ 1-0

[Event "2. Bundesliga Mitte 2012/2013"]
[Site "Sauwald"]
[Date "2012.11.24"]
[Round "4"]
[Board "1"]
[White "Flumbort, Andras"]
[Black "Taggatz, Mario"]
[Result "1/2-1/2"]
[WhiteElo "2492"]
[BlackElo "2303"]
[PlyCount "109"]
[EventDate "2012.10.19"]
[EventType "team"]
[EventRounds "11"]
[EventCountry "AUT"]
[WhiteTeam "ASK St. Valentin"]
[BlackTeam "Spg. Sauwald"]

1. d4 e6 2. c4 f5 3. g3 Nf6 4. Bg2 Be7 5. Nc3 O-O 6. Nf3 d6 7. O-O Ne4 8. Qb3
Nc6 9. d5 Nxc3 10. Qxc3 Bf6 11. Qc2 Ne7 12. dxe6 Bxe6 13. Be3 Nc6 14. Rad1 Qe7
15. a3 a5 16. b3 h6 17. Ne1 Bg5 18. f4 Bf6 19. Bf2 Kh8 20. e4 fxe4 21. Bxe4 Bg4
22. Nf3 Rae8 23. Rfe1 Qd7 24. Qd3 Qc8 25. Re3 Re7 26. Rde1 Rfe8 27. Bg6 Rxe3
28. Rxe3 Rxe3 29. Qxe3 Ne7 30. Bd3 Bf5 31. Bxf5 Qxf5 32. Kg2 Qc2 33. g4 Nc6 34.
Qe8+ Kh7 35. g5 hxg5 36. Qh5+ Kg8 37. Qe8+ Kh7 38. Qh5+ Kg8 39. Qe8+ Kh7 40.
fxg5 Be5 41. Qh5+ Kg8 42. Qg4 Kf7 43. Qd7+ Kg6 44. Qe8+ Kh7 45. Qh5+ Kg8 46.
Qg4 Kf7 47. h4 g6 48. Qd7+ Ne7 49. Qxc7 Qe4 50. Qd7 Kf8 51. Qd8+ Kf7 52. Qd7
Kf8 53. Qd8+ Kf7 54. Qd7 Kf8 55. Qd8+ 1/2-1/2

[Event "2. Bundesliga Mitte 2012/2013"]
[Site "Sauwald"]
[Date "2012.11.24"]
[Round "4"]
[Board "3"]
[White "Sandhoefner, Florian"]
[Black "Hiermann, Dietmar"]
[Result "0-1"]
[WhiteElo "2221"]
[BlackElo "2311"]
[PlyCount "126"]
[EventDate "2012.10.19"]
[EventType "team"]
[EventRounds "11"]
[EventCountry "AUT"]
[WhiteTeam "ASK St. Valentin"]
[BlackTeam "Spg. Sauwald"]

1. e4 e5 2. Nf3 Nc6 3. d4 exd4 4. Nxd4 Nf6 5. Nxc6 bxc6 6. e5 Qe7 7. Qe2 Nd5 8.
c4 Ba6 9. b3 g6 10. f4 Bg7 11. Qf2 Nb4 12. Nc3 Bb7 13. Be3 a5 14. O-O-O O-O-O
15. Be2 f6 16. exf6 Bxf6 17. Bd4 Bxd4 18. Rxd4 c5 19. Rd2 Qf6 20. Kb2 Nxa2 21.
Kxa2 Qxc3 22. Rhd1 d6 23. Bg4+ Kb8 24. Rd3 Qb4 25. Qd2 Rde8 26. g3 Re7 27. Kb2
h5 28. Bh3 Rhe8 29. Bf1 Re1 30. Rc3 R1e6 31. Ra1 Bc6 32. Bd3 Kb7 33. Rc2 Kb6
34. h3 Be4 35. Rd1 Bxd3 36. Qxb4+ axb4 37. Rxd3 Re3 38. Rcd2 Kc6 39. Kc2 Kd7
40. g4 hxg4 41. hxg4 R3e4 42. Rf3 Rf8 43. Rdf2 Ra8 44. Kb2 Rh8 45. Rg2 Rf8 46.
f5 Ke7 47. Kc2 Re5 48. Rgf2 gxf5 49. gxf5 Rf7 50. f6+ Ke6 51. Kd3 c6 52. Ra2
Rxf6 53. Rxf6+ Kxf6 54. Ra6 Rh5 55. Rxc6 Ke5 56. Rc8 Rh3+ 57. Kc2 Rh2+ 58. Kc1
Kd4 59. Rg8 Re2 60. Rg6 Kd3 61. Rh6 Rc2+ 62. Kb1 Rd2 63. Rh3+ Kd4 0-1

[Event "2. Bundesliga Mitte 2012/2013"]
[Site "Sauwald"]
[Date "2012.11.24"]
[Round "4"]
[Board "4"]
[White "Testor, Sebastian"]
[Black "Kranzl, Peter"]
[Result "1/2-1/2"]
[WhiteElo "2308"]
[BlackElo "2239"]
[PlyCount "61"]
[EventDate "2012.10.19"]
[EventType "team"]
[EventRounds "11"]
[EventCountry "AUT"]
[WhiteTeam "Spg. Sauwald"]
[BlackTeam "ASK St. Valentin"]

1. d4 Nf6 2. c4 c5 3. d5 b5 4. cxb5 a6 5. bxa6 g6 6. Nc3 Bg7 7. Nf3 O-O 8. g3
Qa5 9. Bd2 d6 10. Bg2 Nxa6 11. O-O Qb6 12. Bc1 Nc7 13. Nd2 Ba6 14. Qc2 Qb7 15.
Rd1 Nb5 16. Nb3 Nxc3 17. bxc3 Bc4 18. Rb1 Qa6 19. Rb2 Nd7 20. Qe4 Nb6 21. Nxc5
dxc5 22. Rxb6 Qxb6 23. Qxc4 Qa6 24. Qxc5 Qxe2 25. Rf1 Rxa2 26. Be3 Bf6 27. Rc1
Rc2 28. Bf1 Rxc1 29. Bxc1 Qc2 30. Bh6 Qxc3 31. Qxc3 1/2-1/2

[Event "2. Bundesliga Mitte 2012/2013"]
[Site "Sauwald"]
[Date "2012.11.24"]
[Round "4"]
[Board "5"]
[White "Theuretzbacher, Klaus"]
[Black "Niederwieser, Peter"]
[Result "1-0"]
[WhiteElo "2234"]
[BlackElo "2192"]
[PlyCount "73"]
[EventDate "2012.10.19"]
[EventType "team"]
[EventRounds "11"]
[EventCountry "AUT"]
[WhiteTeam "ASK St. Valentin"]
[BlackTeam "Spg. Sauwald"]

1. e4 e6 2. Nf3 d5 3. e5 c5 4. b4 cxb4 5. a3 Nh6 6. axb4 Bxb4 7. c3 Be7 8. d4
Nf5 9. g4 Nh4 10. Nxh4 Bxh4 11. Bd3 Nc6 12. O-O Bd7 13. f4 Be7 14. f5 Qc7 15.
Na3 Na5 16. Nb5 Bxb5 17. Bxb5+ Nc6 18. fxe6 fxe6 19. g5 a6 20. Qg4 Kd7 21. Be2
Nd8 22. Bd2 Rc8 23. c4 dxc4 24. d5 Qc5+ 25. Kh1 Qxd5+ 26. Bf3 Qc5 27. Ra5 Qb6
28. Rd1 Kc7 29. Qxc4+ Kb8 30. Qa2 Nc6 31. Rb1 Qf2 32. Bg2 Rhd8 33. Rxa6 Rxd2
34. Ra8+ Kc7 35. Rxc8+ Kxc8 36. Qa8+ Nb8 37. Qxb7+ 1-0

[Event "2. Bundesliga Mitte 2012/2013"]
[Site "Sauwald"]
[Date "2012.11.24"]
[Round "4"]
[Board "6"]
[White "Lautner, Josef"]
[Black "Heimberger, Reinhard"]
[Result "1/2-1/2"]
[WhiteElo "2193"]
[BlackElo "2300"]
[PlyCount "76"]
[EventDate "2012.10.19"]
[EventType "team"]
[EventRounds "11"]
[EventCountry "AUT"]
[WhiteTeam "Spg. Sauwald"]
[BlackTeam "ASK St. Valentin"]

1. d4 d5 2. Nf3 c6 3. c4 g6 4. cxd5 cxd5 5. Nc3 Bg7 6. Bf4 Nf6 7. e3 O-O 8. h3
Nc6 9. Bd3 a6 10. Rc1 b5 11. O-O Bb7 12. Qe2 Rc8 13. Nd2 Nh5 14. Bh2 e5 15.
dxe5 Nxe5 16. Nb3 Nxd3 17. Qxd3 Qg5 18. Nd4 Rfd8 19. Nce2 Qe7 20. Qd2 Nf6 21.
Rxc8 Rxc8 22. Rc1 Qd7 23. Rxc8+ Qxc8 24. Qc1 Qc4 25. f3 Nd7 26. b3 Qc5 27. Kf2
Bf8 28. Qxc5 Nxc5 29. Nc1 Ne6 30. Nd3 Nc5 31. Ke2 f6 32. Nxc5 Bxc5 33. Ne6 Be7
34. Bc7 Bc8 35. Nf4 Bb7 36. Bb6 Kf7 37. Bd4 Bc6 38. Nd3 Ke6 1/2-1/2

[Event "2. Bundesliga Mitte 2012/2013"]
[Site "Wolfsberg"]
[Date "2012.11.25"]
[Round "5"]
[Board "1"]
[White "Jovanovic, Zoran"]
[Black "Pilaj, Herwig"]
[Result "1/2-1/2"]
[WhiteElo "2516"]
[BlackElo "2345"]
[PlyCount "108"]
[EventDate "2012.10.19"]
[EventType "team"]
[EventRounds "11"]
[EventCountry "AUT"]
[WhiteTeam "Schachverein Wolfsberg"]
[BlackTeam "SC Die Klagenfurter"]

1. e4 e6 2. d4 d5 3. Nc3 Bb4 4. exd5 exd5 5. Bd3 c6 6. Nf3 Nf6 7. O-O O-O 8. h3
Re8 9. Re1 Be6 10. Bf4 Nbd7 11. a3 Ba5 12. Qd2 Rc8 13. Rad1 Nf8 14. Bg5 h6 15.
Bh4 Ng6 16. Bg3 Bc7 17. Ne5 Nxe5 18. Bxe5 Bxe5 19. Rxe5 Qd6 20. Rde1 Nd7 21.
R5e3 Nf8 22. Nd1 Bd7 23. Qa5 Qb8 24. Qb4 b6 25. Qd2 Qd6 26. c3 Rxe3 27. Nxe3
Re8 28. Bc2 Re7 29. Qd3 Bc8 30. b4 Qc7 31. Qd1 Qd6 32. Qh5 Bd7 33. Qh4 Re8 34.
Bd3 Bc8 35. Re2 Qe7 36. Qg3 Qg5 37. Qc7 Bxh3 38. Qxc6 Rc8 39. Qxd5 Rxc3 40.
Qxg5 hxg5 41. Bb5 Bd7 42. a4 Bxb5 43. axb5 Rb3 44. Nd5 Ne6 45. Ne7+ Kf8 46. Nc6
Nc7 47. Re7 Nxb5 48. Rd7 f6 49. d5 Rd3 50. g3 g4 51. Kf1 Nd4 52. Nxd4 Rxd4 53.
b5 Ke8 54. Rxa7 Rxd5 1/2-1/2

[Event "2. Bundesliga Mitte 2012/2013"]
[Site "Wolfsberg"]
[Date "2012.11.25"]
[Round "5"]
[Board "2"]
[White "Wertjanz, David"]
[Black "Steflitsch, Erich"]
[Result "1-0"]
[WhiteElo "2259"]
[BlackElo "2382"]
[PlyCount "85"]
[EventDate "2012.10.19"]
[EventType "team"]
[EventRounds "11"]
[EventCountry "AUT"]
[WhiteTeam "SC Die Klagenfurter"]
[BlackTeam "Schachverein Wolfsberg"]

1. e4 e5 2. Nf3 Nc6 3. Bb5 f5 4. d4 fxe4 5. Nxe5 Nxe5 6. dxe5 c6 7. Nc3 cxb5 8.
Nxe4 d5 9. exd6 Nf6 10. O-O Nxe4 11. Qh5+ g6 12. Qe5+ Kf7 13. Qxh8 Qxd6 14.
Qxh7+ Bg7 15. Bh6 Qf6 16. Rfe1 Bf5 17. Bxg7 Qxg7 18. Qxg7+ Kxg7 19. g4 Ng5 20.
gxf5 Nf3+ 21. Kg2 Nxe1+ 22. Rxe1 Kf6 23. fxg6 Rg8 24. Kf3 Rxg6 25. h4 Rg7 26.
h5 Rg5 27. Rh1 Kg7 28. h6+ Kh7 29. Ke4 Rg2 30. Ke3 Rg6 31. Rh2 Re6+ 32. Kd3
Rd6+ 33. Kc3 Rf6 34. Kd2 b4 35. b3 Rf3 36. Kc1 Rf4 37. Kb2 Re4 38. Rh5 Rf4 39.
Rd5 Kxh6 40. Rd7 Rf5 41. Rxb7 a5 42. Rc7 Kg5 43. a3 1-0

[Event "2. Bundesliga Mitte 2012/2013"]
[Site "Wolfsberg"]
[Date "2012.11.25"]
[Round "5"]
[Board "3"]
[White "Reichmann, Egon"]
[Black "Genser, Harald"]
[Result "1/2-1/2"]
[WhiteElo "2269"]
[BlackElo "2290"]
[PlyCount "105"]
[EventDate "2012.10.19"]
[EventType "team"]
[EventRounds "11"]
[EventCountry "AUT"]
[WhiteTeam "Schachverein Wolfsberg"]
[BlackTeam "SC Die Klagenfurter"]

1. e4 c6 2. Nc3 d5 3. Nf3 Bg4 4. h3 Bh5 5. exd5 cxd5 6. Bb5+ Nc6 7. g4 Bg6 8.
Ne5 Rc8 9. d4 e6 10. h4 f6 11. Nxg6 hxg6 12. h5 gxh5 13. Rxh5 Rxh5 14. gxh5 f5
15. Qe2 Kf7 16. Bxc6 Rxc6 17. Bf4 Qh4 18. Qf3 Nf6 19. O-O-O Qxh5 20. Qd3 a6 21.
f3 g5 22. Be5 Qg6 23. Rg1 Nh5 24. Ne2 Be7 25. Kb1 b5 26. b3 Ke8 27. Kb2 Kd7 28.
c3 Qe8 29. Rh1 Kc8 30. Ra1 Kb7 31. a4 bxa4 32. Rxa4 Rb6 33. Ka2 Qb5 34. c4 dxc4
35. Rxc4 Rc6 36. Nc3 Qa5+ 37. Na4 Nf4 38. Bxf4 gxf4 39. Rxc6 Kxc6 40. Qc4+ Kd7
41. Qd3 Bb4 42. d5 Qb5 43. dxe6+ Kxe6 44. Qc2 Kf6 45. Nb2 Qa5+ 46. Kb1 Qd5 47.
Qd3 Qxd3+ 48. Nxd3 Bd6 49. Ne1 Ke5 50. Nc2 Kf6 51. Kc1 Kg5 52. Kd2 Kh4 53. Nd4
1/2-1/2

[Event "2. Bundesliga Mitte 2012/2013"]
[Site "Wolfsberg"]
[Date "2012.11.25"]
[Round "5"]
[Board "5"]
[White "Hresc, Vladimir"]
[Black "Singer, Hans"]
[Result "1-0"]
[WhiteElo "2399"]
[BlackElo "2229"]
[PlyCount "39"]
[EventDate "2012.10.19"]
[EventType "team"]
[EventRounds "11"]
[EventCountry "AUT"]
[WhiteTeam "Schachverein Wolfsberg"]
[BlackTeam "SC Die Klagenfurter"]

1. e4 e5 2. Nf3 Nc6 3. Bb5 Nf6 4. O-O Bc5 5. c3 O-O 6. d4 Bb6 7. Re1 d6 8. Bg5
h6 9. Bh4 exd4 10. Nxd4 Nxd4 11. cxd4 c6 12. Ba4 g5 13. Bg3 d5 14. exd5 Nxd5
15. Nc3 Nxc3 16. bxc3 Bf5 17. Bb3 Qf6 18. Qf3 Qg6 19. Re7 Rae8 20. Bxf7+ 1-0

[Event "2. Bundesliga Mitte 2012/2013"]
[Site "Wolfsberg"]
[Date "2012.11.25"]
[Round "5"]
[Board "6"]
[White "Titz, Heimo"]
[Black "Waldmann, Gerald"]
[Result "1-0"]
[WhiteElo "2168"]
[BlackElo "2166"]
[PlyCount "49"]
[EventDate "2012.10.19"]
[EventType "team"]
[EventRounds "11"]
[EventCountry "AUT"]
[WhiteTeam "SC Die Klagenfurter"]
[BlackTeam "Schachverein Wolfsberg"]

1. c4 e5 2. g3 Nc6 3. Bg2 g6 4. Nc3 Bg7 5. Nf3 d6 6. O-O f5 7. d3 Nf6 8. Bg5 h6
9. Bxf6 Qxf6 10. Rc1 O-O 11. Nd2 g5 12. Nd5 Qf7 13. b4 Nd4 14. b5 c6 15. bxc6
bxc6 16. e3 cxd5 17. Bxd5 Be6 18. Bxa8 Rxa8 19. exd4 exd4 20. Re1 g4 21. f4 Bd7
22. Qe2 Bc6 23. Qe6 Rd8 24. Kf2 Bf6 25. Qxf5 1-0

[Event "2. Bundesliga Mitte 2012/2013"]
[Site "Wolfsberg"]
[Date "2012.11.25"]
[Round "5"]
[Board "2"]
[White "Kuba, Guenter"]
[Black "Schachinger, Mario"]
[Result "1/2-1/2"]
[WhiteElo "2387"]
[BlackElo "2426"]
[PlyCount "114"]
[EventDate "2012.10.19"]
[EventType "team"]
[EventRounds "11"]
[EventCountry "AUT"]
[WhiteTeam "Schachklub Sparkasse Fuerstenfeld"]
[BlackTeam "Schachclub MPOE Maria Saal"]

1. e4 c6 2. d4 d5 3. exd5 cxd5 4. Bd3 Nc6 5. c3 Qc7 6. h3 e6 7. Nf3 Nf6 8. Nbd2
Nh5 9. O-O Nf4 10. Bb1 g5 11. Re1 Be7 12. Ne5 Nxe5 13. dxe5 Bd7 14. Nf3 O-O-O
15. Bxf4 gxf4 16. Qd4 Qb6 17. Qxb6 axb6 18. Bd3 f6 19. Rad1 Rdf8 20. c4 Bc6 21.
Nd4 Bb4 22. Re2 f3 23. Nxf3 dxc4 24. Be4 Bc5 25. Bxc6 bxc6 26. exf6 Rxf6 27.
Ng5 h6 28. Ne4 Rf5 29. Rc2 b5 30. b3 Re5 31. Nxc5 Rxc5 32. bxc4 Kc7 33. Rdc1 b4
34. Re1 e5 35. Re4 Rd8 36. f4 exf4 37. Rxf4 Rd3 38. Kf2 Rc3 39. Rxc3 bxc3 40.
Ke3 c2 41. Kd2 Ra5 42. Rh4 Rxa2 43. g4 Kb6 44. Rxh6 Kc5 45. Rf6 Ra3 46. h4 Rc3
47. Rf1 Rxc4 48. Rg1 Kd5 49. h5 c1=Q+ 50. Rxc1 Rxg4 51. Rh1 Rg7 52. h6 Rh7 53.
Kc3 Ke5 54. Kc4 Kf5 55. Kc5 Kg5 56. Kxc6 Rxh6+ 57. Rxh6 Kxh6 1/2-1/2

[Event "2. Bundesliga Mitte 2012/2013"]
[Site "Wolfsberg"]
[Date "2012.11.25"]
[Round "5"]
[Board "3"]
[White "Hartl, Daniel"]
[Black "Radnetter, Georg"]
[Result "1/2-1/2"]
[WhiteElo "2275"]
[BlackElo "2278"]
[PlyCount "132"]
[EventDate "2012.10.19"]
[EventType "team"]
[EventRounds "11"]
[EventCountry "AUT"]
[WhiteTeam "Schachclub MPOE Maria Saal"]
[BlackTeam "Schachklub Sparkasse Fuerstenfeld"]

1. d4 e6 2. Nf3 f5 3. c4 Nf6 4. Nc3 Bb4 5. Bd2 O-O 6. e3 Bxc3 7. Bxc3 Ne4 8.
Rc1 d6 9. Be2 b6 10. O-O Bb7 11. Qb3 Rf6 12. c5 Rg6 13. cxd6 cxd6 14. Ne1 Nd7
15. f3 Bd5 16. Bc4 Bxc4 17. Qxc4 Rc8 18. Qb3 Nxc3 19. Rxc3 Rxc3 20. Qxc3 Nf6
21. Qb3 Nd5 22. g3 f4 23. exf4 Nxf4 24. Kh1 Nd5 25. Ng2 Rf6 26. Ne3 Nxe3 27.
Qxe3 Qd7 28. Rc1 Rf8 29. Qc3 Qb7 30. Kg2 Qd5 31. b3 e5 32. dxe5 dxe5 33. Qc4
Qxc4 34. Rxc4 Rd8 35. Rc2 Rd7 36. Re2 Kf7 37. Kf2 Kf6 38. Ke3 Rc7 39. Ke4 Ke6
40. Rd2 Rc1 41. Re2 g5 42. f4 exf4 43. gxf4 gxf4 44. Kxf4+ Kf6 45. Rd2 Rf1+ 46.
Kg4 Ke5 47. h4 a5 48. Rd7 Ra1 49. Rxh7 Rxa2 50. Rb7 a4 51. bxa4 Rxa4+ 52. Kg5
Ra1 53. Rxb6 Rg1+ 54. Kh6 Rh1 55. h5 Kf5 56. Rb5+ Kf6 57. Kh7 Kf7 58. h6 Rg1
59. Rf5+ Ke7 60. Kh8 Rg2 61. Ra5 Kf7 62. Ra7+ Kf8 63. Rg7 Rh2 64. h7 Rf2 65.
Rg3 Rf1 66. Rf3+ Rxf3 1/2-1/2